Proyecto de vida y decisión vocacional

Zapisane w:
Opis bibliograficzny
Główni autorzy: Casullo, María Martina (Autor), Cayssials, Alicia N (Autor), Fernández Liporace, Mercedes (Autor), Wasser de Diuk, Lilian (Autor), Arce Michel, Javier (Autor), Alvarez, Lía (Autor)
Format: Książka
Język:hiszpański
Wydane: Buenos Aires Paidós 1994
Wydanie:1a. ed
Seria:Paidós Psicometría y Psicodiagnóstico
Hasła przedmiotowe:
Etykiety: Dodaj etykietę
Nie ma etykietki, Dołącz pierwszą etykiete!

MARC

LEADER 00000nam a2200000 a 4500
001 UCL9589
003 CL-VaPUC
008 040813e19940000AG |||||||||||||||||spa|d
020 |a 9501260615 
082 0 4 |a 371.425  |b CAS  |2 21 
100 0 |a Casullo, María Martina  |e author  |9 487475 
700 0 |a Cayssials, Alicia N  |e author  |9 487476 
700 0 |a Fernández Liporace, Mercedes  |e author  |9 487477 
700 0 |a Wasser de Diuk, Lilian  |e author  |9 487478 
700 0 |a Arce Michel, Javier  |e author  |9 487479 
700 0 |a Alvarez, Lía  |e author  |9 487480 
245 1 0 |a Proyecto de vida y decisión vocacional 
250 |a 1a. ed 
300 |a 304 p 
942 |c BK 
945 |d 20040813 00:00:00  |a cmena 
260 |a Buenos Aires  |b Paidós  |c 1994 
650 0 |a Orientación vocacional  |9 255692 
650 0 |a Psicología educacional   |9 307830 
650 0 |a Toma de decisiones   |9 257530 
583 |a last modification  |c 20040813 00:00:00  |k Rodrigo Vera 
490 0 |a Paidós Psicometría y Psicodiagnóstico 
999 |c 310330  |d 310328 
952 |0 0  |1 0  |4 0  |6 371_425000000000000_CAS_1994  |7 0  |8 A  |9 378632  |a BIBEDU  |b BIBEDU  |d 2019-11-21  |i 4047818  |o 371.425 CAS 1994  |p 4047818  |r 2019-11-21  |w 2019-11-21  |y BK  |k EPE 
952 |0 0  |1 0  |4 0  |6 371_425000000000000_CAS_1994  |7 0  |8 A  |9 378633  |a BIBEDU  |b BIBEDU  |d 2019-11-21  |i 4330099  |o 371.425 CAS 1994  |p 4330099  |r 2019-11-21  |w 2019-11-21  |y BK  |k EBA